000
00284nam a22001337a 4500
008
170525b xxu||||| |||| 00| 0 eng d
020
_a
0818607505
041
_a
eng
080
_a
62
100
_a
26
101
_a
IM
245
_a
SOFTWARE REUSABILITY
_c
FREEMAN,P
942
_2
udc
_c
BK
999
_c
14233
_d
14233